=LDR 00000nam 2200000 4500 =001 NUTBA000000000005810 =005 20141111090036.0 =006 =007 =008 =020 ##$$a 978-602-8489-54-6 =035 ##$$a 0010-111400000000289 =040 ##$$a NBPDMAT =090 ##$$a 613.83 $b Wen m =100 ##$$a Weni Rahayu =245 ##$$a Mengenal jenis dan bahaya narkoba/ $c Weni Rahayu =260 ##$$a Jakarta : $b Mediantara Semesta, $c 2009 =300 ##$$a iv, 71 hlm. : $b ilus. ; $c 24 cm. =500 ##$$a Bibliografi : hlm. 71 =650 ##$$a Narkotika =850 ##$$a NBPDMAT